| 000 | 00806nam a2200253 a 4500 | ||
|---|---|---|---|
| 001 | 26292 | ||
| 003 | CO-ViMGA | ||
| 008 | 141112s2004 ck r 000 u spa d | ||
| 015 | _ack - 2005 - xxxx | ||
| 020 | _a958301687X | ||
| 040 |
_aCO-ViMGA _bspa _cCO-ViMGA |
||
| 082 | 0 | 4 | _aI929.71 M11n |
| 100 | 1 | _aMacDonald, Fiona | |
| 245 | 1 | 0 |
_aNo te gustaría ser un caballero medieval! / _cFiona MacDonald ; ilustrado por David Antram ; creado y diseñado por David Salariya |
| 250 | _a1a. ed | ||
| 260 |
_aBogotá : _bPanAméricana, _c2005 |
||
| 300 | _a32 p. : il. ; 25 cm | ||
| 490 | _aNo te gustaría ser | ||
| 500 | _aIncluye glosario | ||
| 650 | 1 | 4 |
_aEdad media - cuentos infantiles _941052 |
| 700 | 1 |
_aAntram, David, 1958 - , ilustrador il. _941053 |
|
| 917 | _a2829 20050608 | ||
| 942 |
_2ddc _cBK |
||
| 999 |
_c33471 _d33471 |
||